Foreign policy and diplomacy / (Record no. 166418)

MARC details
000 -LEADER
fixed length control field 00646nam a22001937a 4500
005 - DATE AND TIME OF LATEST TRANSACTION
control field 20191106110252.0
010 ## - LCCN (DPL NO)
LC control number ENG-126053
020 ## - INTERNATIONAL STANDARD BOOK NUMBER
International Standard Book Number 978-93-86761-13-2
Terms of availability 2018
035 ## - SYSTEM CONTROL NUMBER
System control number EN-109586
037 ## - SOURCE OF ACQUISITION
Stock number DBAD/PUB
082 ## - DEWEY DECIMAL CLASSIFICATION NUMBER
Classification number 327
100 ## - MAIN ENTRY--PERSONAL NAME
Personal name Prabhat Kumar,
245 ## - TITLE STATEMENT
Title Foreign policy and diplomacy /
Statement of responsibility, etc by Prabhat Kumar
260 ## - PUBLICATION, DISTRIBUTION, ETC. (IMPRINT)
Place of publication, distribution, etc New Delhi
Name of publisher, distributor, etc Ane Books Pvt.Ltd.
Date of publication, distribution, etc 2018
270 ## - ADDRESS
Address 4821,Parwana Bhawan, 1st Floor 24 Ansari Road, Darya Ganj,
City New Delhi
Telephone number 077-23276843,
Electronic mail address kapoor@anebooks.com
300 ## - PHYSICAL DESCRIPTION
Extent 296p.
Dimensions 23cm(Hb)
500 ## - GENERAL NOTE
General note Includes bibliographical references and index
942 ## - ADDED ENTRY ELEMENTS (KOHA)
Source of classification or shelving scheme Dewey Decimal Classification
Item type English Books
Classification part 327
Call number prefix PRA
Holdings
Withdrawn status Lost status Not for loan Collection code Home library Current library Date acquired Source of acquisition Cost, normal purchase price Full call number Barcode Copy number Cost, replacement price Koha item type
      Non-fiction Bawana Bawana 06/11/2019 DBAD/PUB 1495.00 327 EN-109585 1 1495.00 English Books

© Delhi Public Library
Hit Counter
free hit counter